000 00501nam a2200193Ia 4500
005 20250923145758.0
008 008 250917s9999 xx 000 0 eng d
037 _aTextual
040 _aDSWL
_beng
_cDSWL
041 _aeng
_2eng
084 _aX:958, N84;1
_qDSWL
245 0 _aIntroduction to social security
_cby I.L.O.
260 _aGeneva
_b ILO
_c1984
300 _axii,184
365 _aINR
_b20
925 _g20
942 _cTEXL
_hX:958, N84;1
999 _c1455570
_d1455570